000 00779nab a2200241 u 4500
001 19513
003 HDC
007 cr bn ---aaaaa
008 210301c |r|noo 0 a d
040 _aHDC
245 0 _aCJ KOREA EXPRESS ACQUIRES MALAYSIA'S CENTURY LOGISTICS
260 _a[No place] :
_b[publisher not identified],
_c2016
336 _atext
_2rdacontent
337 _acomputer
_2rdamedia
338 _aonline resource
_2rdacarrier
650 _aHalal food
_950
650 _aLogistic company
_917944
710 _aNAVER
856 _zRequest full-text at [email protected]
942 _2lcc
942 _cNEWS
942 _kNWSO 009742
999 _c16829
_d16829